LEADER 01522nam 2200397z- 450 001 9910693933303321 005 20161209104057.0 035 $a(CKB)4920000000787870 035 $a(BIP)011214038 035 $a(EXLCZ)994920000000787870 100 $a20220104c2004uuuu -u- - 101 0 $aeng 200 10$aSection 115 of the Copyright Act $ein need of an update? : hearing before the Subcommittee on Courts, the Internet, and Intellectual Property of the Committee on the Judiciary, House of Representatives, One Hundred Eighth Congress, second session, March 11, 2004 215 $a1 online resource (iii, 75 p.) 311 $a0-16-071800-7 517 $aSection 115 of the Copyright Act 606 $aCopyright$xMusic$zUnited States 606 $aCopyright and electronic data processing$zUnited States 606 $aInternet$xLaw and legislation$zUnited States 606 $aCopyright licenses$zUnited States 606 $aMusicians$xLegal status, laws, etc$zUnited States 610 $aCopyright 610 $aCopyright and electronic data processing 610 $aInternet 610 $aMusicians 610 $aLaw 610 $aBiography & autobiography 615 0$aCopyright$xMusic 615 0$aCopyright and electronic data processing 615 0$aInternet$xLaw and legislation 615 0$aCopyright licenses 615 0$aMusicians$xLegal status, laws, etc. 906 $aBOOK 912 $a9910693933303321 996 $aSection 115 of the Copyright Act$93148468 997 $aUNINA